LEADER 01242nam a2200277 a 4500 001 000000122556 003 CaOOAMICUS 005 20100721121323.0 008 100721t2009 it u000 u ita r 020 $a978-88-263-1748-9 040 $aPUL$bita$dReb 245 00$aPreghiera nei Padri dei primi secoli /$channo collaborato: Maria Grazia Bianco [et al.]. 260 $aRoma :$bBorla,$c©2009. 300 $a285 p. ;$c20 cm. 490 1 $aDizionario di spiritualitą biblico-patristica ;$v0052 504 $aInclude riferimenti bibliografici. 650 4$aPadri della Chiesa$xPreghiere.$0(OLS)http://pul/subject/37113 650 4$aPreghiere.$0(OLS)http://pul/subject/7929 700 1 $aBianco, Maria Grazia.$0(OLS)http://pul/name/63006 830 0$aDizionario di spiritualitą biblico-patristica ;$v0052.$0(OLS)http://pul/title/65660 850 $aPUL 852 $aPUL$W1$xSL Cons. Gen., Altre Classi 1$y1$m2016 E 52$j140759$qStampati$B139847$CPULBib$Z2$F139847 $H114462 $82 941 1 $a8 996 $6020$a978-88-263-1748-9$9(OLS)http://pul/number/144958 996 $6245$aPreghiera nei Padri dei primi secoli$9(OLS)http://pul/title/154433 996 $6260$aRoma :$bBorla$9(OLS)http://pul/publisher/48061 LEADER 01547nam a2200349 a 4500 001 000000155849 003 CaOOAMICUS 005 20161104141700.0 008 161104s2014 it u000 u ita r 020 $a978-88-13-35956-0* 032 $aLibriCat 040 $aPUL$bita 082 04$a345.4505 100 1 $aConso, Giovanni.$0(OLS)http://pul/name/15769 245 10$aCompendio di procedura penale /$cGiovanni Conso, Vittorio Grevi e Marta Bargis ; Massimo Ceresa-Gastaldo ... [et al.]. 250 $aOttava edizione. 260 $aPadova :$bCEDAM ;$aMilanofiori Assago :$bWolters Kluwer,$c2014. 300 $aLXXXIV, 1192 p. ; $c25 cm 504 $aBibliografia in nota. 650 4$aProcedura penale$zItalia$vManuali, compendi.$0(OLS)http://pul/subject/21692 700 1 $aGrevi, Vittorio.$0(OLS)http://pul/name/15770 700 1 $aBargis, Marta.$0(OLS)http://pul/name/83704 700 1 $aCeresa, Massimo,$d1947-$0(OLS)http://pul/name/6155 850 $aPUL 852 $aPUL$W1$xSL Diritto e Scienze Sociali 3$y79$m345. 4505 CONGI 2$j178999$bDDC 21$q $B182167$CPULBib$Z2$F182167 $H128343 $81 941 1 $a9 996 $6020$a978-88-13-35956-0*$9(OLS)http://pul/number/161454 996 $6082$a345.4505$9(OLS)http://pul/classification/385 996 $6245$aCompendio di procedura penale$9(OLS)http://pul/title/52334 996 $6260$aPadova :$bCEDAM$9(OLS)http://pul/publisher/48126 996 $6260$aMilanofiori Assago :$bWolters Kluwer$9(OLS)http://pul/publisher/81463